Zgody, Układy, Kosy | Legia Warszawa - Statystyki

Ogólne statystyki
  • Ten quiz został rozwiązany 149 razy
  • Średni wynik to 12 z 41
Statystyki odpowiedzi
Zgody Dobre Relacje Kosy % Poprawnych
Lech Poznań
92%
Widzew Łódź
70%
Wisła Kraków
66%
Lechia Gdańsk
62%
Polonia Warszawa
61%
Cracovia
58%
ŁKS Łódź
58%
Ruch Chorzów
58%
Śląsk Wrocław
57%
Legia Chełmża GKS Katowice
55%
Jagiellonia Białystok
53%
Pogoń Grodzisk Mazowiecki Elana Toruń
48%
Kotwica Kołobrzeg Motor Lublin
44%
Wisła Płock
44%
Korona Kielce
43%
AZS Podlasie Biała Podlaska Piast Gliwice
39%
Zagłębie Sosnowiec Pogoń Siedlce Zagłębie Lubin
39%
Zawisza Bydgoszcz
36%
Raków Częstochowa
35%
ADO Den Haag (Holandia) Świt Nowy Dwór Stal Rzeszów
35%
Znicz Pruszków Stomil Olsztyn
29%
Legionovia Legionowo Warta Poznań
29%
Olimpia Elbląg Hutnik Warszawa Odra Opole
28%
Polonia Bytom
26%
GKS Tychy
23%
Pogoń Szczecin KKS Kalisz
21%
Radomiak Radom Wisła Puławy Sandecja Nowy Sącz
18%
Unia Skierniewice
3%
Ajax Amsterdam (Holandia)
1%
Aston Villa (Anglia)
1%
AZ Alkmaar (Holandia)
1%
Dinamo Zagrzeb (Chorwacja)
1%
Napoli (Włochy)
1%
Pelikan Łowicz
1%
Spartak Moskwa (Rosja)
1%
Celtic F.C (Szkocja)
0%
Dynamo Kijów (Ukraina)
0%
Lazio Rzym (Włochy)
0%
Rangers F.C (Szkocja)
0%
Real Zaragoza (Hiszpania)
0%
Spartak Trnava (Słowacja)
0%
Nie znaleziono quizów pasujących do podanych kryteriów
Rozkład punktacji
Procent ludzi z każdym wynikiem
Percentyl według liczby udzielonych odpowiedzi
Twoja historia wyników
Nie rozwiązałeś tego quizu